000 00821nam a2200241 a 4500
001 000019592
005 20200929170053.0
008 100630r19992000ve a 000 0 spa d
020 _a9803540742
040 _aDO-SdBNP
_bspa
_cBNPHU
082 _a153.15
_bS187m
100 1 _aSambrano, Jazmín,
_940325
245 1 4 _aLos mapas mentales :
_bagenda para el éxito, /
_cJazmín Sambrano, Alicia Steiner.
260 _aCaracas, Venezuela :
_bAlfadil Ediciones,
_c1999.
300 _a174 p. :
_bil. ;
_c23 cm.
490 1 _aVida alternativa
_v17
504 _aIncluye referencias bibliográficas y notas al pie de las páginas.
650 4 _aAprendizaje perceptivo
_xMotor
_940882
650 4 _aMapas cognoscitivos
_942015
700 1 _aSteiner, Alicia,
_942016
830 0 _aVida alternativa ;
_v17
_940327
049 _aBNGR
999 _c19108
_d19108